[Event "AUTO-ADV-312"]
[Site "http://www.queenalice.com/game.php?id=288914"]
[Date "2007.10.18"]
[Round "3"]
[White "marcosnatal"]
[Black "Marko_Max"]
[Result "0-1"]
[WhiteElo "1791"]
[BlackElo "1976"]

1. d4 d5 2. c4 e6 3. Nc3 Nf6 4. Nf3 Be7 5. e3 O-O 6. Bd3 b6 7. O-O Bb7 8. cxd5
Nxd5 9. Nxd5 Bxd5 10. e4 Bb7 0-1

[Event "BOARD 2 - DIV. H"]
[Site "http://www.queenalice.com/game.php?id=309161"]
[Date "2007.11.24"]
[Round "1"]
[White "nemesisdebogota"]
[Black "Marko_Max"]
[Result "1-0"]
[WhiteElo "1888"]
[BlackElo "2068"]

1. d4 d5 2. c4 e6 3. Nc3 Nf6 4. Bg5 Be7 5. e3 h6 6. Bxf6 Bxf6 7. Nf3 Nd7 8. cxd5
exd5 9. Nxd5 O-O 10. Bd3 c6 11. Nxf6+ Nxf6 12. Qc2 Nd5 13. O-O Nb4 14. Bh7+ Kh8
15. Qd2 c5 16. Bb1 Na6 17. a3 b6 18. Be4 Rb8 19. Ne5 Bb7 20. Nc6 Bxc6 21. Bxc6
cxd4 22. Qxd4 Qxd4 23. exd4 Rfd8 24. d5 Rd6 25. Rfe1 Nc7 26. Re7 Nxd5 27. Bxd5
Rxd5 28. Rxa7 Rd2 29. b4 Kg8 30. Rc1 b5 31. h3 Rd5 32. g4 Rd6 33. Kg2 g5 34.
Rcc7 Rf6 35. Rc5 Kg7 36. Ra5 Rfb6 37. f4 Kg6 38. h4 1-0

[Event "QA-ANNIV-03"]
[Site "http://www.queenalice.com/game.php?id=316037"]
[Date "2007.12.6"]
[Round "4"]
[White "sidra"]
[Black "Marko_Max"]
[Result "0-1"]
[WhiteElo "1750"]
[BlackElo "1985"]

1. d4 d5 2. e3 Nf6 3. f3 e6 4. a3 Be7 5. b4 O-O 6. c4 dxc4 7. Bxc4 b6 8. Ne2 Bb7
9. Nbc3 Nbd7 10. O-O Rc8 11. Bb2 c5 12. dxc5 bxc5 13. b5 Nb6 14. Qb3 Nfd5 15.
Rfd1 Nxc4 16. Nxd5 exd5 17. e4 Nxb2 18. Qxb2 Bf6 19. e5 Be7 20. f4 Qb6 21. g3 f6
22. Rac1 fxe5 23. Qxe5 c4+ 24. Nd4 Bxa3 25. Rc2 Bc5 26. Kf1 Rfe8 27. Qh5 Bxd4
28. f5 Re4 29. Rb1 a6 30. g4 Rf4+ 31. Kg2 axb5 32. Qg5 Be3 33. Qe7 d4+ 34. Kh3
Qh6+ 35. Kg3 Rf3+ 36. Kg2 Qh3+ 37. Kh1 Rf1# 0-1

[Event "AUTO-OPEN-399"]
[Site "http://www.queenalice.com/game.php?id=322686"]
[Date "2007.12.19"]
[Round "3"]
[White "topalov"]
[Black "Marko_Max"]
[Result "0-1"]
[WhiteElo "1921"]
[BlackElo "2024"]

1. e4 e5 2. Nf3 Nc6 3. d4 exd4 4. Nxd4 Bc5 5. Be3 Qf6 6. c3 Nge7 7. Bc4 O-O 8.
O-O Nxd4 9. cxd4 Bb6 10. e5 Qc6 0-1

[Event "AUTO-ADV-767"]
[Site "http://www.queenalice.com/game.php?id=335244"]
[Date "2008.1.12"]
[Round "1"]
[White "BarnabyJockers"]
[Black "Marko_Max"]
[Result "1-0"]
[WhiteElo "1834"]
[BlackElo "2010"]

1. e4 c5 2. d4 cxd4 3. Qxd4 Nc6 4. Qd1 Nf6 5. Nc3 e6 6. Nf3 Bb4 7. Bd2 O-O 8.
Bd3 b6 9. a3 Be7 10. O-O d6 11. h3 Bb7 12. Bg5 h6 13. Be3 Nd7 14. Rb1 Nc5 15.
Bxc5 dxc5 16. Qe2 Qc7 17. e5 Rad8 18. Qe4 Nd4 19. Qh7# 1-0

[Event "AUTO-ADV-767"]
[Site "http://www.queenalice.com/game.php?id=335245"]
[Date "2008.1.12"]
[Round "1"]
[White "Marko_Max"]
[Black "BarnabyJockers"]
[Result "1-0"]
[WhiteElo "1992"]
[BlackElo "1786"]

1. e4 e5 2. Nf3 Nc6 3. Bc4 h6 4. d4 exd4 5. Nxd4 Nxd4 6. Qxd4 d6 7. Nc3 Qf6 8.
Be3 Qxd4 9. Bxd4 Ne7 10. Nb5 Kd8 11. Bxf7 a6 12. Nc3 Nc6 13. Be3 Ne5 14. Bb3 Bg4
15. f3 Bd7 16. Bf4 Ng6 17. Be3 Be7 18. Nd5 c6 19. Bb6+ Kc8 20. Nxe7+ Nxe7 21.
O-O-O Ng6 22. Rxd6 Nf4 23. g3 Nh5 24. Rhd1 Nf6 25. e5 1-0

[Event "AUTO-ADV-767"]
[Site "http://www.queenalice.com/game.php?id=335256"]
[Date "2008.1.12"]
[Round "1"]
[White "Rutty"]
[Black "Marko_Max"]
[Result "1/2-1/2"]
[WhiteElo "1970"]
[BlackElo "2012"]

1. e4 c5 2. Nf3 d6 3. d4 cxd4 4. Nxd4 Nc6 5. Nc3 e6 6. Bb5 Qc7 7. O-O a6 8.
Bxc6+ bxc6 9. b3 g6 10. Bb2 e5 11. Nf3 Bg7 12. Qd3 Bg4 13. h3 Bxf3 14. Qxf3 Nf6
15. Na4 O-O 16. c4 Rfd8 17. Rfd1 Rd7 18. Qe3 Rad8 19. Nb6 Re7 20. a4 c5 1/2-1/2

[Event "AUTO-ADV-767"]
[Site "http://www.queenalice.com/game.php?id=335257"]
[Date "2008.1.12"]
[Round "1"]
[White "Marko_Max"]
[Black "Rutty"]
[Result "1-0"]
[WhiteElo "2010"]
[BlackElo "1966"]

1. e4 c5 2. Nf3 Nc6 3. d4 cxd4 4. Nxd4 d6 5. Nc3 Nf6 6. Bg5 e6 7. Qd2 Be7 8.
O-O-O O-O 9. f4 h6 10. Bh4 a6 11. Be2 Nxe4 12. Bxe7 Nxd2 13. Bxd8 Nxd4 14. Be7
Nxe2+ 15. Nxe2 Re8 16. Rxd2 Rxe7 17. Rxd6 b5 18. Rd8+ Kh7 19. Rhd1 Bb7 20. g3
Rxd8 21. Rxd8 Kg6 22. Kd2 Kf5 23. h3 a5 24. Nd4+ Ke4 25. Nxb5 Bd5 26. Nc3+ Kf3
27. Nxd5 exd5 28. Rxd5 Kxg3 29. Rxa5 Kxh3 30. Re5 Rxe5 31. fxe5 g5 32. c4 g4 33.
c5 g3 34. c6 g2 35. c7 g1=Q 36. c8=Q+ Kh4 37. Qc4+ Kg5 38. Qxf7 Qg2+ 39. Ke3
Qxb2 40. Qf6+ Kg4 41. Qf4+ Kh5 42. Qf5+ Kh4 43. Qf2+ Qxf2+ 44. Kxf2 Kg5 45. a4
Kf5 46. a5 1-0

[Event "AUTO-ADV-767"]
[Site "http://www.queenalice.com/game.php?id=335264"]
[Date "2008.1.12"]
[Round "1"]
[White "Marko_Max"]
[Black "rubenov"]
[Result "1-0"]
[WhiteElo "2000"]
[BlackElo "1841"]

1. e4 c5 2. Nf3 a6 3. c4 Nc6 4. d4 cxd4 5. Nxd4 Nxd4 6. Qxd4 e6 7. Nc3 Ne7 8. f4
Nc6 9. Qf2 Bb4 10. Bd2 O-O 11. Bd3 Ne7 12. O-O b6 13. Be3 Bxc3 14. Bxb6 Qe8 15.
bxc3 Nc6 16. Bc5 Ne7 17. e5 Kh8 18. Be4 Rb8 19. Bd6 1-0

[Event "AUTO-ADV-767"]
[Site "http://www.queenalice.com/game.php?id=335265"]
[Date "2008.1.12"]
[Round "1"]
[White "rubenov"]
[Black "Marko_Max"]
[Result "0-1"]
[WhiteElo "1838"]
[BlackElo "1965"]

1. d4 d5 2. Bg5 h6 3. Bh4 Nf6 4. Nc3 e6 5. a3 Be7 6. Bg3 O-O 7. Nb5 Na6 8. e3
Ne4 9. Bd3 Nxg3 10. hxg3 c5 11. dxc5 Nxc5 12. Nf3 Bf6 13. Rb1 a6 14. Nc3 Bxc3+
15. bxc3 Qa5 16. O-O Qxc3 0-1

[Event "AUTO-MASTER-448"]
[Site "http://www.queenalice.com/game.php?id=335368"]
[Date "2008.1.12"]
[Round "1"]
[White "DURIN09"]
[Black "Marko_Max"]
[Result "1/2-1/2"]
[WhiteElo "1960"]
[BlackElo "2078"]

1. d4 Nf6 2. c4 g6 3. Nc3 d5 4. Bf4 Bg7 5. e3 e6 6. Nf3 O-O 7. Be2 Nh5 8. Be5 f6
9. Bg3 Nxg3 10. hxg3 b6 11. Qc2 Bb7 12. O-O-O dxc4 13. Bxc4 Bd5 14. Bxd5 exd5
15. Rxh7 Kxh7 16. Rh1+ Bh6 17. Rh5 c6 18. Ne2 Qd7 19. Nf4 Rg8 20. Nh4 Qg4 21.
Nhxg6 Rxg6 22. Rh4 Qg5 23. Ne6 Nd7 1/2-1/2

[Event "AUTO-MASTER-448"]
[Site "http://www.queenalice.com/game.php?id=335369"]
[Date "2008.1.12"]
[Round "1"]
[White "Marko_Max"]
[Black "DURIN09"]
[Result "1-0"]
[WhiteElo "2029"]
[BlackElo "1953"]

1. e4 Nf6 2. e5 Nd5 3. d4 d6 4. c4 Nb6 5. f4 dxe5 6. fxe5 Nc6 7. Be3 Bf5 8. Nc3
e6 9. Nf3 Be7 10. Be2 O-O 11. O-O Qd7 12. Qd2 Rad8 13. Rfd1 Bb4 14. a3 Bxc3 15.
Qxc3 Ne7 16. b4 Be4 17. Rd2 Nf5 18. Bf2 c6 19. Ng5 Bd5 20. cxd5 Nxd5 21. Qb2 Qe7
22. Ne4 Nf4 23. Bf3 Rd7 24. Rad1 Rfd8 25. Ng3 Nxg3 26. Bxg3 Nd5 27. Bxd5 cxd5
28. Rc2 Rc7 29. Rxc7 Qg5 30. Rxb7 1-0

[Event "AUTO-MASTER-448"]
[Site "http://www.queenalice.com/game.php?id=335382"]
[Date "2008.1.12"]
[Round "1"]
[White "Tamise"]
[Black "Marko_Max"]
[Result "0-1"]
[WhiteElo "2110"]
[BlackElo "2054"]

1. e4 c5 2. Nc3 Nc6 3. f4 e6 4. Nf3 Nge7 5. Bb5 a6 6. Bxc6 Nxc6 7. O-O g6 8. f5
Bg7 9. d3 O-O 10. Bg5 Qb6 11. f6 Bh8 12. Rb1 d6 13. Qd2 Nd4 14. Ne2 Nxe2+ 15.
Qxe2 e5 0-1

[Event "AUTO-MASTER-448"]
[Site "http://www.queenalice.com/game.php?id=335383"]
[Date "2008.1.12"]
[Round "1"]
[White "Marko_Max"]
[Black "Tamise"]
[Result "0-1"]
[WhiteElo "2045"]
[BlackElo "2033"]

1. e4 c5 2. Nf3 g6 3. d4 cxd4 4. Nxd4 Nc6 5. Nxc6 bxc6 6. Qd4 Nf6 7. e5 Nd5 8.
e6 f6 9. exd7+ Bxd7 10. Bc4 e5 11. Qd1 Be6 12. O-O Bg7 13. Qf3 O-O 14. Nc3 f5
15. Rd1 e4 16. Qe3 Qa5 17. Nxd5 cxd5 18. Bb3 Bf7 19. Bd2 Qc7 20. c3 Rad8 21. Be1
f4 22. Qe2 Qe5 23. Rd2 Be6 24. Rad1 f3 25. Qb5 Bh6 0-1

[Event "AUTO-MASTER-448"]
[Site "http://www.queenalice.com/game.php?id=335393"]
[Date "2008.1.12"]
[Round "1"]
[White "ramongarcia"]
[Black "Marko_Max"]
[Result "1-0"]
[WhiteElo "2346"]
[BlackElo "2073"]

1. e4 c5 2. Nc3 Nc6 3. g3 g6 4. Bg2 Bg7 5. Nge2 e6 6. d3 Nge7 7. Be3 b6 8. Qd2
Bb7 9. Bh6 O-O 10. Bxg7 Kxg7 11. h4 d5 12. h5 Rh8 13. hxg6 hxg6 14. Rxh8 Qxh8
15. O-O-O Qh6 16. Nf4 Kg8 17. exd5 Nb4 18. Rh1 Qg7 19. dxe6 Bxg2 20. exf7+ Kxf7
21. Nxg2 Nbd5 22. Ne4 Rh8 23. Re1 1-0

[Event "QA-ANNIV-03"]
[Site "http://www.queenalice.com/game.php?id=360788"]
[Date "2008.2.25"]
[Round "5"]
[White "Marko_Max"]
[Black "stoyan1"]
[Result "1-0"]
[WhiteElo "2047"]
[BlackElo "1815"]

1. e4 e5 2. Nf3 Bd6 3. Nc3 Nc6 4. d4 exd4 5. Nxd4 h6 6. Bc4 Qf6 7. Be3 Nge7 8.
Ndb5 O-O 9. Nxd6 cxd6 10. Qd2 Ne5 11. Bb3 a5 12. O-O-O Ra6 13. f3 Nf5 14. exf5
Qxf5 15. Ne4 a4 16. Bd5 b5 17. f4 Nc4 18. Bxc4 bxc4 19. Nxd6 Qe6 20. Nxc8 Rxc8
21. Qc3 d5 22. Rhe1 Qd6 23. a3 f6 24. g3 Rd8 25. Qb4 Qc7 26. Qc5 Rc6 27. Qa7 c3
28. Qxc7 cxb2+ 29. Kxb2 Rxc7 30. Rd4 Rc4 31. Rxc4 dxc4 32. Kc3 Rc8 33. Kb4 g5
34. Kxa4 Rb8 35. Ka5 Rb2 36. Re2 gxf4 37. Bxf4 h5 38. Rd2 c3 39. Rd5 h4 40. gxh4
Rxc2 41. Rc5 Rf2 42. Bg3 Rf3 43. Kb4 1-0

[Event "QA-ANNIV-03"]
[Site "http://www.queenalice.com/game.php?id=385489"]
[Date "2008.4.10"]
[Round "6"]
[White "Francisco"]
[Black "Marko_Max"]
[Result "1/2-1/2"]
[WhiteElo "2217"]
[BlackElo "2072"]

1. d4 d5 2. Nf3 Nf6 3. Bf4 c5 4. e3 e6 5. c3 Nc6 6. Nbd2 Bd6 7. Bg3 a6 8. dxc5
Bxc5 9. Ne5 Nxe5 10. Bxe5 Bd6 11. Nf3 O-O 12. Bd3 b5 13. Qc2 h6 14. h3 Bb7 15.
Bd4 Nd7 16. e4 Bc5 17. e5 Bxd4 18. cxd4 Qa5+ 19. Qd2 Qxd2+ 20. Kxd2 Rfc8 21.
Rac1 1/2-1/2

[Event "AUTO-ADV-767"]
[Site "http://www.queenalice.com/game.php?id=397841"]
[Date "2008.5.4"]
[Round "2"]
[White "averroes02"]
[Black "Marko_Max"]
[Result "1-0"]
[WhiteElo "2108"]
[BlackElo "2042"]

1. d4 Nf6 2. c4 e6 3. Nc3 d5 4. cxd5 exd5 5. Bg5 Be7 6. e3 h6 7. Bxf6 Bxf6 8.
Bd3 O-O 9. Nge2 Nd7 10. Nxd5 c6 11. Nxf6+ Nxf6 12. O-O 1-0

[Event "AUTO-ADV-767"]
[Site "http://www.queenalice.com/game.php?id=397842"]
[Date "2008.5.4"]
[Round "2"]
[White "Marko_Max"]
[Black "averroes02"]
[Result "1/2-1/2"]
[WhiteElo "2029"]
[BlackElo "2118"]

1. e4 e6 2. d4 d5 3. Nc3 Bb4 4. Bd3 dxe4 5. Bxe4 Nf6 6. Bf3 c5 7. Ne2 cxd4 8.
Qxd4 Qxd4 9. Nxd4 O-O 10. Nb5 Nc6 11. Be3 e5 12. O-O-O Bg4 13. a3 Bxf3 14. gxf3
Bxc3 15. Nxc3 Rfd8 16. Ne4 Nh5 17. Ng3 1/2-1/2

[Event "AUTO-ADV-767"]
[Site "http://www.queenalice.com/game.php?id=397843"]
[Date "2008.5.4"]
[Round "2"]
[White "Leodecaprio"]
[Black "Marko_Max"]
[Result "0-1"]
[WhiteElo "1733"]
[BlackElo "2024"]

1. e4 c5 2. Nf3 d6 3. c3 Nf6 4. Bd3 g6 5. O-O Bg7 6. Re1 O-O 7. Bc2 b6 8. d4
cxd4 9. cxd4 Bb7 10. Nc3 e6 11. Bg5 Qc7 12. Qd2 Nbd7 13. Rac1 Rac8 14. Bh6 Qb8
15. Bxg7 Kxg7 0-1

[Event "AUTO-ADV-767"]
[Site "http://www.queenalice.com/game.php?id=397844"]
[Date "2008.5.4"]
[Round "2"]
[White "Marko_Max"]
[Black "Leodecaprio"]
[Result "1-0"]
[WhiteElo "2019"]
[BlackElo "1738"]

1. e4 e5 2. Nf3 Nc6 3. d4 exd4 4. Nxd4 Qh4 5. Nc3 Bb4 6. Qd3 Bxc3+ 7. bxc3 Nge7
8. Be2 O-O 9. O-O Ne5 10. Qg3 Qxg3 11. hxg3 N7c6 12. Be3 a6 13. f4 Ng6 14. Nxc6
1-0